Celebrity or Star Wars Character? III Quiz Stats

 Plays Quiz Updated Jun 25, 2018

Score 0/20 Timer 02:00
0 Plays Today
Name (C)elebrity or (S)tar Wars % Correct
Channing Tatum???
94.1%
Tupac Shakur???
92.4%
Garth Brooks???
92.4%
Idris Elba???
90.6%
Jar Jar Binks???
89.8%
Aziz Ansari???
88.5%
Deepak Chopra???
82.8%
Jyn Erso???
80.2%
Djimon Hounsou???
79.5%
Apolo Ohno???
78.5%
Name (C)elebrity or (S)tar Wars % Correct
Gial Ackbar???
77.2%
Lorth Needa???
75%
Jabba Desilijic Tiure???
74%
Ki-Adi-Mundi???
72.9%
Armitage Hux???
69.9%
Ahsoka Tano???
69.1%
Owen Lars???
66.3%
Hope Solo???
64.9%
Tion Medon???
53.8%
Dontari Poe???
48.4%

You're not logged in!

Compare scores with friends on all Sporcle quizzes.
OR
Log In

Sporcle TV

Today on Sporcle TV


Watch our educational content, quiz creation guides, and fun videos on Sporcle TV.

Show Comments

Extras

Top Quizzes Today


Score Distribution

Your Account Isn't Verified!

In order to create a playlist on Sporcle, you need to verify the email address you used during registration. Go to your Sporcle Settings to finish the process.

Report this User

Report this user for behavior that violates our Community Guidelines.

Details: